| 000 | 00530nam a22001817a 4500 | ||
|---|---|---|---|
| 005 | 20251108172639.0 | ||
| 008 | 250721s1991 xx 000 0 ara d | ||
| 082 | 1 | 4 | _a150,195/طرا |
| 100 | 1 | _aطرابيشي، جورج | |
| 245 | 1 | 0 | _aالمثقفون العرب و التراث / |
| 264 | 1 |
_aلندن : _bرياض الريس، _c1991. |
|
| 300 | _a285 ص | ||
| 650 | 1 | 7 | _aالتحليل النفسي |
| 650 | 1 | 7 | _aالأدب العربي |
| 650 | 1 | 7 | _aالثقافة العربية |
| 942 |
_2ddc _cBK |
||
| 999 |
_c84891 _d84891 |
||